| 000 | 00640nam a2200205 a 4500 | ||
|---|---|---|---|
| 005 | 20140310183314.0 | ||
| 008 | 051011s19uu xx 00 eng d | ||
| 020 | _a1855033488 | ||
| 050 |
_aLC 4713.4 _b.Or66 2004 |
||
| 100 | _aO'Regan, Fintan J | ||
| 245 |
_aHow to teach and manage children with ADHD / _cFintan J O'Regan. |
||
| 260 |
_aCambridge : _bLDA, _c2004. |
||
| 300 |
_a64 p. : _bill. ; _c31 cm. |
||
| 521 | _aEDU | ||
| 650 |
_aAttention-deficit children _xEducation. |
||
| 650 |
_aHyperactive children _xEducation _xUnited States. |
||
| 650 |
_aClassroom management _xUnited States. |
||
| 942 |
_cBK _2lcc _kFOR |
||
| 999 |
_c21242 _d21242 |
||